Arquitectura contemporánea /

Obra enciclopédica en dieciocho volúmenes donde se reconstruye críticamente la evolución y diversidad de la arquitectura, desde una perspectiva expresiva. Los títulos que componen la obra son: Arquitectura de los orígenes; Arquitectura griega; Arquitectura romana; Arquitectura bizantina; Arquitectur...

Celý popis

Uloženo v:
Podrobná bibliografie
Hlavní autor: Tafuri, Manfredo (autor)
Další autoři: Co, Francesco Dal (autor) (autor)
Médium: Kniha
Jazyk:španělština
Vydáno: Madrid, España : Aguilar, 1989, c1989
Edice:(Historia Universal de la Arquitectura)
Témata:
Tagy: Přidat tag
Žádné tagy, Buďte první, kdo vytvoří štítek k tomuto záznamu!

MARC

LEADER 00000nam^a2200000^a^4500
001 000189430
005 20250521000000.0
009 20260310102415.021
020 |a 84-03-60071-2 
037 |a Acervo ITESO - Biblioteca 
041 |a ESP 
082 |a 720. 9  |b HIS V. 13 
100 |a Tafuri, Manfredo  |e (autor) 
245 1 0 |a Arquitectura contemporánea /  |c M. Tafuri, F.D. Co ; tr. por Luis Escolar Bareño. 
264 4 |a Madrid, España :  |b Aguilar,  |c 1989, c1989 
300 |a 2 v. (437 p.) 
336 |a texto  |b txt  |2 rdacontenido 
337 |a sin mediación  |b n  |2 rdamedio 
338 |a volumen  |b nc  |2 rdasoporte 
440 1 |a (Historia Universal de la Arquitectura) 
520 |a Obra enciclopédica en dieciocho volúmenes donde se reconstruye críticamente la evolución y diversidad de la arquitectura, desde una perspectiva expresiva. Los títulos que componen la obra son: Arquitectura de los orígenes; Arquitectura griega; Arquitectura romana; Arquitectura bizantina; Arquitectura islámica; Arquitectura románica; Arquitectura gótica; Arquitectura del Renacimiento; Arquitectura barroca; Arquitectura barroca tardía y rococó; Arquitectura moderna 1; Arquitectura moderna 2; Arquitectura contemporánea 1; Arquitectura contemporánea 2; Arquitectura oriental 1; Arquitectura oriental 2; Arquitectura precolombina; Arquitectura primitiva. 
649 |a XX 
650 |a Arquitectura Moderna -  |x Historia y Crítica -  |x Tema Principal 
650 |a Arte Moderno -  |x Historia y Crítica 
650 |a Urbanismo -  |x Historia 
700 |a Co, Francesco Dal  |e (autor) 
910 |a Fondo Julio de la Peña Lomelín 
920 |a Impresos - Libros 
930 |a Arquitectos Jaliscienses 
905 |a 115 
901 |a 0500132398  |b IT1  |c JAL  |u 20250521 
901 |a 0500132415  |b IT1  |c JAL  |u 20250521 
902 |a https://opac.biblio.iteso.mx/vufind/Record/000189430